Loading...
| History - European | 1 | 7 | 2 | 1 | 75 | 55 | 114.75 | 2 | 4 | 0.00 | 0.00 |
| History - Other | 0 | 5 | 0 | 1 | 50 | 106 | 120.00 | 0 | 1 | 0.00 | 0.00 |
| Modern World | 1 | 2 | 0 | 0 | 35 | 59 | 96.67 | 0 | 1 | 0.00 | 0.00 |
| Religion | 2 | 1 | 3 | 0 | 25 | 65 | 90.67 | 1 | 2 | 0.00 | 0.00 |
| History - American | 0 | 2 | 0 | 1 | 20 | 130 | 135.00 | 0 | 0 | 0.00 | 0.00 |
| History - World | 0 | 3 | 2 | 2 | 20 | 127 | 136.00 | 0 | 0 | 0.00 | 0.00 |
| Social Science | 0 | 2 | 0 | 0 | 20 | 121 | 122.00 | 0 | 0 | 0.00 | 0.00 |
| Fine Arts - Other Arts | 1 | 0 | 0 | 0 | 15 | 93 | 93.00 | 0 | 1 | 0.00 | 0.00 |
| Other Academic | 0 | 1 | 0 | 0 | 10 | 101 | 101.00 | 0 | 0 | 0.00 | 0.00 |
| Other Culture | 0 | 1 | 0 | 0 | 10 | 121 | 121.00 | 0 | 0 | 0.00 | 0.00 |
| Philosophy | 0 | 1 | 0 | 0 | 10 | 129 | 129.00 | 0 | 0 | 0.00 | 0.00 |
| Mythology | 0 | 1 | 0 | 0 | 10 | 119 | 119.00 | 0 | 0 | 0.00 | 0.00 |
| Science - Physics | 0 | 1 | 0 | 0 | 10 | 141 | 141.00 | 0 | 0 | 0.00 | 0.00 |
| Literature - European | 0 | 1 | 0 | 0 | 10 | 148 | 148.00 | 0 | 0 | 0.00 | 0.00 |